Современные проблемы гидрогеологии, инженерной геологии и гидрогеоэкологии Евразии: материалы Всероссийской конференции с международным участием, г. Томск, 23−27 ноября 2015 г.
| Corporate Authors: | , |
|---|---|
| Andre forfattere: | |
| Summary: | Заглавие с экрана В сборнике отражены вопросы, связанные с ресурсами природных вод и их использования, проблемы грунтоведения, методы инженерно-геологических исследований, инженерная геология городов, геохимия природных вод, геоэкология и охрана окружающей среды, проблемы и перспективы бурения инженерно- геологических, гидрогеологических и эксплуатационных скважин. |
| Sprog: | russisk |
| Udgivet: |
Томск, Изд-во ТПУ, 2015
|
| Fag: | |
| Online adgang: | http://earchive.tpu.ru/handle/11683/18293 http://www.lib.tpu.ru/fulltext/c/2015/C109/C109.pdf |
| Format: | MixedMaterials Electronisk Bog |
| KOHA link: | https://koha.lib.tpu.ru/cgi-bin/koha/opac-detail.pl?biblionumber=616047 |
MARC
| LEADER | 00000nam0a2200000 4500 | ||
|---|---|---|---|
| 001 | 616047 | ||
| 005 | 20231102023602.0 | ||
| 035 | |a (RuTPU)RU\TPU\conf\14280 | ||
| 090 | |a 616047 | ||
| 100 | |a 20151203d2015 k y0rusy50 ca | ||
| 101 | 0 | |a rus | |
| 102 | |a RU | ||
| 105 | |a y z 101zy | ||
| 135 | |a drcn ---uucaa | ||
| 181 | 0 | |a i | |
| 182 | 0 | |a b | |
| 200 | 1 | |a Современные проблемы гидрогеологии, инженерной геологии и гидрогеоэкологии Евразии |e материалы Всероссийской конференции с международным участием, г. Томск, 23−27 ноября 2015 г. |f Национальный исследовательский Томский политехнический университет (ТПУ) ; под ред. А. Ю. Дмитриева | |
| 203 | |a Текст |c электронный | ||
| 210 | |a Томск |c Изд-во ТПУ |d 2015 | ||
| 230 | |a 1 компьютерный файл (pdf; 32 MB) | ||
| 300 | |a Заглавие с экрана | ||
| 330 | |a В сборнике отражены вопросы, связанные с ресурсами природных вод и их использования, проблемы грунтоведения, методы инженерно-геологических исследований, инженерная геология городов, геохимия природных вод, геоэкология и охрана окружающей среды, проблемы и перспективы бурения инженерно- геологических, гидрогеологических и эксплуатационных скважин. | ||
| 337 | |a Adobe Reader | ||
| 606 | 1 | |a Гидрология общая |2 stltpush |3 (RuTPU)RU\TPU\subj\6718 |9 34528 | |
| 610 | 1 | |a электронный ресурс | |
| 610 | 1 | |a труды учёных ТПУ | |
| 610 | 1 | |a материалы конференций | |
| 610 | 1 | |a природные воды | |
| 610 | 1 | |a грунтоведение | |
| 610 | 1 | |a инженерно-геологические исследования | |
| 610 | 1 | |a инженерная геология | |
| 610 | 1 | |a города | |
| 610 | 1 | |a геохимия | |
| 610 | 1 | |a геоэкология | |
| 610 | 1 | |a окружающая среда | |
| 610 | 1 | |a бурение | |
| 610 | 1 | |a скважины | |
| 675 | |a 556(063) |v 3 | ||
| 702 | 1 | |a Дмитриев |b А. Ю. |c специалист в области нефтегазового дела |c доцент, проректор-директор Томского политехнического университета, кандидат технических наук |f 1972- |g Андрей Юрьевич |2 stltpush |3 (RuTPU)RU\TPU\pers\24766 |4 340 | |
| 712 | 1 | 2 | |a Современные проблемы гидрогеологии, инженерной геологии и гидрогеоэкологии Евразии |b конференция |e Томск |f 2015 |
| 712 | 0 | 2 | |a Национальный исследовательский Томский политехнический университет (ТПУ) |c (2009- ) |2 stltpush |3 (RuTPU)RU\TPU\col\15902 |
| 801 | 2 | |a RU |b 63413507 |c 20210224 |g RCR | |
| 856 | 4 | |u http://earchive.tpu.ru/handle/11683/18293 | |
| 856 | 4 | |u http://www.lib.tpu.ru/fulltext/c/2015/C109/C109.pdf | |
| 942 | |c BK | ||